000 00745nam a2200193 a 4500
008 101103s2008 ||||||||||||||||| || u
020 _a9780521898614
050 _aHG 1811 Hal
100 _aHall, Rodney Bruce
245 1 0 _aCentral banking as global governance: constructing financial credibility
260 _aCambridge
_bCambridge University Press
_c2008
300 _axiii, 256p.: ill.
350 _a0.00
490 _aCambridge studies in international relations
650 _aBANKS AND BANKING, CENTRAL
650 0 _aCORPORATE GOVERNANCE
650 _aBANKING
995 _D0.00
_FCBU-MAIN LIBRARY (Kitwe)
_H1
_I0.00
_M1
_UAVAILABLE
_WDec 6, 2010
_ZMain Library Open Access Collection
999 _c36961
_d36961